000 00488nam a2200181Ia 4500
001 1785
005 20260306143754.0
008 260306t2016||||xx |||||||||||||| ||spa||
041 _aESP
082 _a155.4
_bP75
100 _aPollitt Burga, Ernesto
_eAUT
245 0 _a¿Error o fraude?:
_bengaños y equivocaciones en la investigación psicobiológica infantil
260 _c2016
300 _a198 páginas :
_c20 cm.
650 _aGEN
654 _aCPS
942 _cLIB
_dJUS
_fJUS
_2ddc
_n
999 _c1785
_d1785